La liberación cultural de los pueblos de habla española

Tallennettuna:
Bibliografiset tiedot
Päätekijä: Guerrina Soderini, Alfonso (Tekijä)
Aineistotyyppi: Kirja
Kieli:espanja
Julkaistu: Montevideo Barreiro y Ramos 1984
Aiheet:
Tagit: Lisää tagi
Ei tageja, Lisää ensimmäinen tagi!

MARC

LEADER 00000nam a2200000 a 4500
001 UCX2143
003 CL-VaPUC
008 910326e19840000UY |||||||||||||||||spa|d
082 0 4 |a 980  |b GUE  |2 21 
100 0 |a Guerrina Soderini, Alfonso  |e author  |9 317966 
245 1 3 |a La liberación cultural de los pueblos de habla española 
300 |a 126 p 
942 |c BK 
945 |d 19910326 00:00:00 
260 |a Montevideo  |b Barreiro y Ramos  |c 1984 
500 |a Apéndice: Población de Hispanoamérica 
650 0 |a Antropología aplicada   |9 317967 
650 7 |a LIBERTADORES  |2 CL-VaPUC  |9 317968 
650 0 |a Filósofos   |9 269126 
650 0 |a Civilización   |9 255823 
651 0 |a América Latina   |9 255027 
583 |a last modification  |c 19910326 00:00:00  |k Rodrigo Vera 
999 |c 223227  |d 223225 
952 |0 0  |1 0  |4 0  |6 980_000000000000000_GUE_1984  |7 0  |8 A  |9 218806  |a BIBHIS  |b BIBHIS  |d 2019-11-15  |i 2876191  |o 980 GUE 1984  |p 2876191  |r 2025-01-20  |w 2019-11-15  |y BK  |k HIS